000 00362nam a2200133Ia 4500
005 20260326100026.0
008 260326s9999||||xx |||||||||||||| ||und||
100 _aErroz, Francisco Javier
245 0 _aArquitectos del Siglo XX en Panamá /
_cFrancisco Javier Erroz
260 _bImprenta Universitaria
300 _a249 p.
650 _aARQUITECTOS
942 _cBK
999 _c6379
_d6379